000 00248nam a22001217a 4500
008 181017b xxu||||| |||| 00| 0 eng d
041 _aeng
080 _a701
100 _a44
101 _aART
245 _aRomanticism
_cClay,J
942 _2udc
_cBK
999 _c50004
_d50004